Contextual mission approach to the tribals in Assam : (Record no. 9287)

MARC details
000 -LEADER
fixed length control field 02179cam a2200433 i 4500
001 - CONTROL NUMBER
control field 22253162
003 - CONTROL NUMBER IDENTIFIER
control field GBCCL
005 - DATE AND TIME OF LATEST TRANSACTION
control field 20241126110709.0
008 - FIXED-LENGTH DATA ELEMENTS--GENERAL INFORMATION
fixed length control field 200917s2020 ii b 000 0 eng d
010 ## -
-- 2020510258
020 ## - INTERNATIONAL STANDARD BOOK NUMBER
International Standard Book Number 9789351484813
Qualifying information (paperback)
020 ## - INTERNATIONAL STANDARD BOOK NUMBER
International Standard Book Number 9351484815
Qualifying information (paperback)
025 ## - OVERSEAS ACQUISITION NUMBER
Overseas acquisition number I-E-2020510258 ; 68-16 ; 13-90
035 ## - SYSTEM CONTROL NUMBER
System control number (OCoLC)on1196195815
035 ## - SYSTEM CONTROL NUMBER
System control number (OCoLC)1196195815
037 ## - SOURCE OF ACQUISITION
Source of stock number/acquisition Library of Congress -- New Delhi Overseas Office
040 ## - CATALOGING SOURCE
Original cataloging agency DKAGE
Language of cataloging eng
Description conventions rda
Transcribing agency DKAGE
Modifying agency DKAGE
-- OCLCO
-- OCLCF
-- KAT
-- DLC
042 ## -
-- lccopycat
-- lcode
050 00 -
-- BV3280.A8
-- N37 2020
082 04 - DEWEY DECIMAL CLASSIFICATION NUMBER
Classification number 266.0089954
Edition information 23
Item number NAR
100 1# - MAIN ENTRY--PERSONAL NAME
Personal name Narzary, Enosh
9 (RLIN) 16162
245 10 - TITLE STATEMENT
Title Contextual mission approach to the tribals in Assam :
Remainder of title an empirical study on Mising and Rajbongshi /
Statement of responsibility, etc. Enosh Narzary.
264 #1 - PRODUCTION, PUBLICATION, DISTRIBUTION, MANUFACTURE, AND COPYRIGHT NOTICE
Place of production, publication, distribution, manufacture Delhi :
Name of producer, publisher, distributor, manufacturer Christian World Imprints,
Date of production, publication, distribution, manufacture, or copyright notice 2020.
300 ## - PHYSICAL DESCRIPTION
Extent x, 52 pages ;
Dimensions 22 cm
336 ## - CONTENT TYPE
Content type term text
Content type code txt
Source rdacontent
337 ## - MEDIA TYPE
Media type term unmediated
Media type code n
Source rdamedia
338 ## - CARRIER TYPE
Carrier type term volume
Carrier type code nc
Source rdacarrier
504 ## - BIBLIOGRAPHY, ETC. NOTE
Bibliography, etc. note Includes bibliographical references (pages 51-52).
505 0# - FORMATTED CONTENTS NOTE
Formatted contents note The tribal in Assam -- Rajbongshis and their identity -- Mising tribe and their identity -- Evaluation of the old and new missionary approaches -- The new missionary approaches -- The contextual missionary approach.
520 ## - SUMMARY, ETC.
Summary, etc. This book presents the spiritual condition of tribal in the State of Assam; author also asserts that the socio-economic status among the tribal people of India is not satisfactory. With this, it aims to address some possible contextual mission approach to the Rajbangshis and Mising tribes.
650 #0 - SUBJECT ADDED ENTRY--TOPICAL TERM
Topical term or geographic name entry element Miri (Indic people)
General subdivision Missions
Geographic subdivision India
-- Assam.
9 (RLIN) 16163
650 #0 - SUBJECT ADDED ENTRY--TOPICAL TERM
Topical term or geographic name entry element Rajbangsi (South Asian people)
General subdivision Missions
Geographic subdivision India
-- Assam.
9 (RLIN) 16164
650 #0 - SUBJECT ADDED ENTRY--TOPICAL TERM
Topical term or geographic name entry element Miri (Indic people)
Geographic subdivision India
-- Assam
General subdivision Social life and customs.
9 (RLIN) 16165
650 #0 - SUBJECT ADDED ENTRY--TOPICAL TERM
Topical term or geographic name entry element Rajbangsi (South Asian people)
Geographic subdivision India
-- Assam
General subdivision Social life and customs.
9 (RLIN) 16166
651 #7 - SUBJECT ADDED ENTRY--GEOGRAPHIC NAME
Geographic name India
Geographic subdivision Assam.
Source of heading or term fast
Authority record control number or standard number (OCoLC)fst01206068
9 (RLIN) 16167
906 ## - LOCAL DATA ELEMENT F, LDF (RLIN)
a 7
b cbc
c copycat
d 3
e ncip
f 20
g y-gencatlg
942 ## - ADDED ENTRY ELEMENTS (KOHA)
Source of classification or shelving scheme Dewey Decimal Classification
Koha item type Books
Koha issues (borrowed), all copies 4
Holdings
Withdrawn status Lost status Source of classification or shelving scheme Damaged status Not for loan Home library Current Library Shelving location Date acquired Total checkouts Full call number Barcode Date last seen Date last checked out Copy number Price effective from Koha item type
    Dewey Decimal Classification     GRACE BIBLE COLLEGE GRACE BIBLE COLLEGE North East Collection 2022-09-12 5 266.0089954 NAR 015741 2025-05-01 2025-02-19 c.1 2022-09-12 Books
© Grace Bible College Library 2025